Policing by multi-racial consent (Record no. 53838)

MARC details
000 -LEADER
fixed length control field 00551nam a2200157 a 4500
008 - FIXED-LENGTH DATA ELEMENTS--GENERAL INFORMATION
fixed length control field 120416s0000 ||||||||||||||||| || u
020 ## - INTERNATIONAL STANDARD BOOK NUMBER
International Standard Book Number 0719910870
050 ## - LIBRARY OF CONGRESS CALL NUMBER
Classification number HV 7725 Bro
100 ## - MAIN ENTRY--PERSONAL NAME
Personal name Brown, John, 1924-
245 10 - TITLE STATEMENT
Title Policing by multi-racial consent
246 ## - VARYING FORM OF TITLE
Title proper/short title the Hadsworth experience
260 ## - PUBLICATION, DISTRIBUTION, ETC.
Place of publication, distribution, etc. London
Name of publisher, distributor, etc. Bedford Square Press
Date of publication, distribution, etc. 1982
300 ## - PHYSICAL DESCRIPTION
Extent xv, 174p. : ill
350 ## - PRICE (NR) (BK AM CF MU VM SE) [OBSOLETE]
Price 0.00
995 ## - RECOMMENDATION 995 [LOCAL, UNIMARC FRANCE]
-- 0.00
-- CBU-MAIN LIBRARY (Kitwe)
-- 1
-- 18.95
-- AVAILABLE
-- Annex Low-Usage Collection
Holdings
Withdrawn status Lost status Source of classification or shelving scheme Damaged status Not for loan Home library Current library Shelving location Date acquired Total Checkouts Full call number Barcode Date last seen Price effective from Koha item type
          CBU-MAIN LIBRARY, KITWE. CBU-MAIN LIBRARY, KITWE.   11/30/2022   HV 7725 Bro 008668 11/30/2022 11/30/2022 MONOGRAPH